Complex Systems: Solutions and Challenges in Economics, Management and Engineering Dedicated to Professor Jaime Gil Aluja /

This book presents an authoritative collection of contributions reporting on fuzzy logic and decision theory, together with applications and case studies in economics and management science. Dedicated to Professor Jaume Gil Aluja in recognition of his pioneering work, the book reports on theories, m...

Full description

Bibliographic Details
Corporate Author: SpringerLink (Online service)
Other Authors: Berger-Vachon, Christian (Editor, http://id.loc.gov/vocabulary/relators/edt), Gil Lafuente, Anna María (Editor, http://id.loc.gov/vocabulary/relators/edt), Kacprzyk, Janusz (Editor, http://id.loc.gov/vocabulary/relators/edt), Kondratenko, Yuriy (Editor, http://id.loc.gov/vocabulary/relators/edt), Merigó, José M. (Editor, http://id.loc.gov/vocabulary/relators/edt), Morabito, Carlo Francesco (Editor, http://id.loc.gov/vocabulary/relators/edt)
Format: Electronic eBook
Language:English
Published: Cham : Springer International Publishing : Imprint: Springer, 2018.
Edition:1st ed. 2018.
Series:Studies in Systems, Decision and Control, 125
Subjects:
Online Access:Full Text via HEAL-Link
LEADER 03400nam a2200589 4500
001 978-3-319-69989-9
003 DE-He213
005 20191220125313.0
007 cr nn 008mamaa
008 171031s2018 gw | s |||| 0|eng d
020 |a 9783319699899  |9 978-3-319-69989-9 
024 7 |a 10.1007/978-3-319-69989-9  |2 doi 
040 |d GrThAP 
050 4 |a Q342 
072 7 |a UYQ  |2 bicssc 
072 7 |a TEC009000  |2 bisacsh 
072 7 |a UYQ  |2 thema 
082 0 4 |a 006.3  |2 23 
245 1 0 |a Complex Systems: Solutions and Challenges in Economics, Management and Engineering  |h [electronic resource] :  |b Dedicated to Professor Jaime Gil Aluja /  |c edited by Christian Berger-Vachon, Anna María Gil Lafuente, Janusz Kacprzyk, Yuriy Kondratenko, José M. Merigó, Carlo Francesco Morabito. 
250 |a 1st ed. 2018. 
264 1 |a Cham :  |b Springer International Publishing :  |b Imprint: Springer,  |c 2018. 
300 |a XXVI, 543 p. 146 illus., 80 illus. in color.  |b online resource. 
336 |a text  |b txt  |2 rdacontent 
337 |a computer  |b c  |2 rdamedia 
338 |a online resource  |b cr  |2 rdacarrier 
347 |a text file  |b PDF  |2 rda 
490 1 |a Studies in Systems, Decision and Control,  |x 2198-4182 ;  |v 125 
520 |a This book presents an authoritative collection of contributions reporting on fuzzy logic and decision theory, together with applications and case studies in economics and management science. Dedicated to Professor Jaume Gil Aluja in recognition of his pioneering work, the book reports on theories, methods and new challenges, thus offering not only a timely reference guide but also a source of new ideas and inspirations for graduate students and researchers alike. 
650 0 |a Computational intelligence. 
650 0 |a Operations research. 
650 0 |a Decision making. 
650 0 |a Game theory. 
650 0 |a Economic theory. 
650 1 4 |a Computational Intelligence.  |0 http://scigraph.springernature.com/things/product-market-codes/T11014 
650 2 4 |a Operations Research/Decision Theory.  |0 http://scigraph.springernature.com/things/product-market-codes/521000 
650 2 4 |a Game Theory, Economics, Social and Behav. Sciences.  |0 http://scigraph.springernature.com/things/product-market-codes/M13011 
650 2 4 |a Economic Theory/Quantitative Economics/Mathematical Methods.  |0 http://scigraph.springernature.com/things/product-market-codes/W29000 
700 1 |a Berger-Vachon, Christian.  |e editor.  |4 edt  |4 http://id.loc.gov/vocabulary/relators/edt 
700 1 |a Gil Lafuente, Anna María.  |e editor.  |4 edt  |4 http://id.loc.gov/vocabulary/relators/edt 
700 1 |a Kacprzyk, Janusz.  |e editor.  |4 edt  |4 http://id.loc.gov/vocabulary/relators/edt 
700 1 |a Kondratenko, Yuriy.  |e editor.  |4 edt  |4 http://id.loc.gov/vocabulary/relators/edt 
700 1 |a Merigó, José M.  |e editor.  |4 edt  |4 http://id.loc.gov/vocabulary/relators/edt 
700 1 |a Morabito, Carlo Francesco.  |e editor.  |4 edt  |4 http://id.loc.gov/vocabulary/relators/edt 
710 2 |a SpringerLink (Online service) 
773 0 |t Springer eBooks 
776 0 8 |i Printed edition:  |z 9783319699882 
776 0 8 |i Printed edition:  |z 9783319699905 
776 0 8 |i Printed edition:  |z 9783319888750 
830 0 |a Studies in Systems, Decision and Control,  |x 2198-4182 ;  |v 125 
856 4 0 |u https://doi.org/10.1007/978-3-319-69989-9  |z Full Text via HEAL-Link 
912 |a ZDB-2-ENG 
950 |a Engineering (Springer-11647)